000 00406pab a2200145 454500
008 180718b2004 xxu||||| |||| 00| 0 eng d
100 _aBrewer, John D.
245 _aImagining the sociological imagination: the biographical context of a sociological classic
260 _c2004
300 _ap.317-33.
362 _aSep
650 _aBiography
773 _aBritish Journal of Sociology
909 _a62687
999 _c62687
_d62687